1582 1388 1822 1889 1207 1138 1134 1476 1720 1672 1030 1911 1149 1382 1804 1021 1131 1298 1956 1222 1251 1457 1894 1284 1018 1993 1166 1720 1678 1274 1981 1868 1704 1064 1352 1823 1647 1988 1213 1153 1228 1280 1050 1710 1102 1210 1278 1193 1243 1642 1545 1197 1745 1732 1457 1188 1032 1079 1469 1812 1773 1653 1099 1033 1105 1938 1139 1841 1319 1842 1459 1461 1499 1574 1329 1539 1407 1153 1039 1849 1863 1795 1920 1887 1208 1015 1758 1158 1015 1225 1117 1446 1957 1030 1787 1141 1665 1652 1572 BCNSPRNW ULIB Ver.6.0+V

เปลี่ยนเป็นภาษาไทย

Change to English
 แสดงรายละเอียดบรรณานุกรม
  กลับหน้าหลัก

Brief Record : Get Marc (ISO 2709) : E-mail record : QR code < ปิดหน้าต่าง
LEADER : 00000nam 2200000uu 4500
001    13399125936
003     ULIB
008    020711s|||| th a 000 0 tha d
020    ูู^a9789744226389
060    ^aW15^bอ114ก
110    ^aองค์การอนามัยโลก
245    ^aการวัดผลทางสุขภาพและความพิการเกณฑ์การประเมินความพิการขององค์การอนามัยโลก ฉบับ 2.0
260    ^aกรุงเทพฯ :^bบริษัทต้นเงินการพิมพ์,^cม.ป.ป.
300    ^a171 หน้า
650    ^aการประเมินความพิการ^x^aภาวะสุขภาพ
945    ^p0^l0^i003371
945    ^p0^l0^i003372
945    ^p0^l0^i003373
999    ^aประนอม เกษจรัล
รายการนี้ยังไม่มีแท็ก
คุณยังไม่ได้ล็อกอิน คุณสามารถมีกิจกรรมร่วมกับเว็บไซต์ได้ แต่ต้องล็อกอินก่อน ::
  ล็อกอิน

รายการสื่อสารสนเทศ

ลำดับที่ ประเภท เลขเรียก/บาร์โค้ด สถานที่ สถานะ
1. วิทยาศาสตร์การแพทย์ และสุขภาพ
วิทยาศาสตร์การแพทย์ และสุขภาพ
W15 อ114ก ฉ.1 
  Barcode: 003371
ห้องสมุดวิทยาเขตสวรรค์ประชารักษ์
►ส่วนจัดเก็บหนังสือเก่า สปร
บนชั้น
  ขอยืม
2. วิทยาศาสตร์การแพทย์ และสุขภาพ
วิทยาศาสตร์การแพทย์ และสุขภาพ
W15 อ114ก ฉ.2 
  Barcode: 003372
ห้องสมุดวิทยาเขตสวรรค์ประชารักษ์
►ส่วนจัดเก็บหนังสือเก่า สปร
บนชั้น
  ขอยืม
3. วิทยาศาสตร์การแพทย์ และสุขภาพ
วิทยาศาสตร์การแพทย์ และสุขภาพ
W15 อ114ก ฉ.3 
  Barcode: 003373
ห้องสมุดวิทยาเขตสวรรค์ประชารักษ์
►ส่วนจัดเก็บหนังสือเก่า สปร
บนชั้น
  ขอยืม

รายการใกล้เคียง
    ชื่อเรื่อง [การวัดผลทางสุขภาพและความพิการเกณฑ์การประเมินความพิการขององค์การอนามัยโลก ฉบับ 2.0]

BibComment


ยังไม่เคยถูกคอมเมนท์

คอมเมนท์ทรัพยากรรายการนี้
  คอมเมนท์: การวัดผลทางสุขภา..


 Copyright 2026. Bcnsprnw @Library